000 00633nam a2200193 i 4500
001 93891
003 ES-MaACL
007 t|
008 050422s1975 sp ||||1| spa d
100 1 _aLópez Pintor, Rafael.
_973893
245 1 4 _aLos españoles de los años 70
_b: una versión sociológica /
_cRafael López Pintor y Ricardo Buceta.
260 _aMadrid :
_bTecnos,
_c1975.
300 _a209 p. ;
_c24 cm.
490 1 _aCiencias sociales. Sociología
700 1 _aBuceta, Ricardo.
_932276
830 0 0 _aCiencias sociales.
_pSociología
_9181951
852 _aES-MaACL
_jE-7534
_bR.91973
999 _c93891
_d93891